Marx Brothers Films - Statistics

General Stats
  • This quiz has been taken 70 times
  • The average score is 11 of 17
Answer Stats
Hint Answer % Correct
Duck Soup
100%
A Day At the Races
96%
Horse Feathers
96%
A Night At the Opera
94%
Monkey Business
92%
Animal Crackers
84%
Room Service
82%
At the Circus
69%
A Night In Casablanca
65%
Go West
63%
Love Happy
61%
The Big Store
55%
The Cocoanuts
43%
Humor Risk
29%
The Story of Mankind
18%
The Incredible Jewel Robbery
8%
The House That Shadows Built
8%
No matching quizzes found
Score Distribution
Percent of People with Each Score
Percentile by Number Answered
Your Score History
You have not taken this quiz